| 000 | 01593cam a2200409 a 4500 | ||
|---|---|---|---|
| 001 | 15806984 | ||
| 003 | OSt | ||
| 005 | 20180116183012.0 | ||
| 008 | 090708s2011 at a 001 0 eng | ||
| 010 | _a 2009932190 | ||
| 020 | _a9780324783247 | ||
| 020 | _a0324783248 | ||
| 020 | _a9780324783254 (student ed.) | ||
| 020 | _a0324783256 (student ed.) | ||
| 020 | _a9780538451499 (instructor's ed.) | ||
| 020 | _a0538451491 (instructor's ed.) | ||
| 040 |
_aDLC _cDLC _dDLC |
||
| 050 | 0 | 0 |
_aHF1017 _b.A6 2011 |
| 082 | 0 | 0 |
_a519.5 _222 |
| 100 | 1 |
_aAnderson, David R. _q(David Ray), _d1941- |
|
| 245 | 1 | 0 |
_aStatistics for business and economics . _cDavid R. Anderson, Dennis J. Sweeney, Thomas A. Williams. |
| 250 | _a11e [ed.]. | ||
| 260 |
_aAustralia . _aMason, Ohio . _bSouth-Western Cengage Learning. _c2011. |
||
| 300 |
_axxviii, 1080 p. : _bcol. ill. ; _c26 cm. |
||
| 500 | _aIncludes index. | ||
| 600 | _aAnderson, David R. | ||
| 650 | 0 |
_aCommercial statistics _xMethodology. |
|
| 650 | 0 |
_aEconomics _xStatistical methods. |
|
| 650 | 0 | _aStatistics. | |
| 700 | 1 | _aSweeney, Dennis J. | |
| 856 | 4 | 2 |
_3Contributor biographical information _uhttp://www.loc.gov/catdir/enhancements/fy1105/2009932190-b.html |
| 856 | 4 | 2 |
_3Publisher description _uhttp://www.loc.gov/catdir/enhancements/fy1105/2009932190-d.html |
| 856 | 4 | 1 |
_3Table of contents only _uhttp://www.loc.gov/catdir/enhancements/fy1105/2009932190-t.html |
| 906 |
_a7 _bcbc _corignew _d3 _eepcn _f20 _gy-gencatlg |
||
| 942 |
_2ddc _cBK _k519.5 |
||
| 999 |
_c350306 _d350306 |
||